• 首页
  • 本馆介绍
  • 公告通知
  • 最新文献
  • 馆藏检索
  • 电子资源
  • 读者导购
  • 参考咨询
  • 我的图书馆
  • 登录
  • 详细信息显示
  • 放入我的书架
  • 预约/预借图书
  • 作者相关作品
  • 分类相关作品
  • 丛书相关作品
  • 出版社相关作品

书目信息

  • 表格格式
  • 工作单格式
  • 卡片格式
题名:
最长的一天
    
 
作者: 瑞恩 著 ;李文俊 , 陶洁 , 申慧辉 译
分册:  
出版信息: 北京   中信出版集团股份有限公司  2018
页数: 10,336页
开本: 21cm
丛书名:
单 册:
中图分类: E195.2
科图分类:
主题词: 美英联军诺曼第登陆作战(1944)--史料
电子资源:
ISBN: 978-7-5086-8179-5
000 01133nam0 2200289 450
001 012001004453
005 20180929092650.37
010    @a978-7-5086-8179-5@b精装@dCNY52.00
100    @a20180513d2018 em y0chiy50 ea
101 1  @achi@ceng
102    @aCN@b110000
105    @aa z 000yy
106    @ar
200 1  @a最长的一天@9zui chang de yi tian@e1944诺曼底登陆@dThe longest day@ethe classic epic of D-day@f(美)科尼利厄斯·瑞恩(Cornelius Ryan)著@g李文俊,陶洁,申慧辉译@zeng
205    @a2版@b修订版
210    @a北京@c中信出版集团股份有限公司@d2018
215    @a10,336页@c照片@d21cm
330    @a本书讲述了诺曼底登陆的D-Day前后作战双方策划的内幕和激战过程,描述了战场奇观下的个人在战争中所遇到的命运以及痛苦、迷狂。
510 1  @aLongest day@ethe classic epic of D-day, June 6, 1944@zeng
606 0  @a美英联军诺曼第登陆作战(1944)@j史料
690    @aE195.2@v5
701  0 @c(美)@a瑞恩@9rui en@c(Ryan, Cornelius@f1920-1974)@4著
702  0 @a李文俊@9li wen jun@4译
702  0 @a陶洁@9tao jie@4译
702  0 @a申慧辉@9shen hui hui@4译
801  0 @aCN@b上海新华@c20180901
905    @b1166245-9@dE195.2@e105=2@f5
    
    最长的一天:1944诺曼底登陆=The longest day:the classic epic of D-day/(美)科尼利厄斯·瑞恩(Cornelius Ryan)著/李文俊,陶洁,申慧辉译.-2版,修订版.-北京:中信出版集团股份有限公司,2018
    10,336页:照片;21cm
    
    
    ISBN 978-7-5086-8179-5(精装):CNY52.00
    本书讲述了诺曼底登陆的D-Day前后作战双方策划的内幕和激战过程,描述了战场奇观下的个人在战争中所遇到的命运以及痛苦、迷狂。
●
相关链接 在E读中查询图书 在五车中查询图书 在当当中查询图书 在豆瓣中查询图书


正题名:最长的一天     索取号:E195.2/105=2         预约/预借

序号 登录号 条形码 馆藏地/架位号 状态 备注
1 1166245   211662459   第一样本阅览室/ [索取号:E195.2/105=2] 在馆    
2 1166246   211662468   第一借阅区/ [索取号:E195.2/105=2] 在馆    
3 1166247   211662477   密集书库-资源管理系/ [索取号:E195.2/105=2] 在馆    
4 1166248   211662486   第一借阅区/ [索取号:E195.2/105=2] 在馆    
5 1166249   211662495   第一借阅区/ [索取号:E195.2/105=2] 在馆    
唐山师范学院图书馆 欢迎您!
大连网信软件有限公司© 版权所有